| 000 | 00325nam a22001337a 4500 | ||
|---|---|---|---|
| 003 | SGT | ||
| 020 | _a978-93-5090-189-2 | ||
| 082 |
_a617-7 _bR13G |
||
| 100 | _aGHAI, ASHWANI K. | ||
| 245 | _aREFRACTION DISPENSING OPTICS & OPHTHALMIC PROCEDURES | ||
| 260 |
_aINDIA _bJAYPEE PUB _c2013 |
||
| 300 | _a158 | ||
| 942 |
_2ddc _cBK _028 |
||
| 999 |
_c18218 _d18218 |
||